Nonnullae in varia juris canonici capita salmaticenses elucubrationes (Record no. 10909)

MARC details
000 -CABECERA
campo de control de longitud fija 01177nam a22002297a 4500
001 - NÚMERO DE CONTROL
campo de control BRCA_9289
003 - IDENTIFICADOR DEL NÚMERO DE CONTROL
campo de control FranzMayer
005 - FECHA Y HORA DE LA ÚLTIMA TRANSACCIÓN
campo de control 20230724114939.0
008 - DATOS DE LONGITUD FIJA--INFORMACIÓN GENERAL
campo de control de longitud fija 230724b |||||||| |||| 00| 0 eng d
040 ## - FUENTE DE LA CATALOGACIÓN
Centro catalogador/agencia de origen MFM
Lengua de catalogación esp
Centro/agencia transcriptor MFM
050 #4 - SIGNATURA TOPOGRÁFICA DE LA BIBLIOTECA DEL CONGRESO
Número de clasificación LE43
Número de documento/Ítem E83 1748
082 ## - NÚMERO DE LA CLASIFICACIÓN DECIMAL DEWEY
Número de edición BX1895.C6
100 1# - ENTRADA PRINCIPAL--NOMBRE DE PERSONA
Código de función/relación Autor
Nombre de persona Escolano, Dominico Nicolao
9 (RLIN) 28941
240 1# - TÍTULO UNIFORME
Título uniforme Nonnullae in varia juris canonici capita salmaticenses elucubrationes
Medio In celeberrima Salmsnticenfi Academia ejufdem Juris publico Professore y pro obtinendis in cadem Universitate Cathedris antiquiori Decertatote
Lenguaje de la obra Latín
245 0# - MENCIÓN DE TÍTULO
Título Nonnullae in varia juris canonici capita salmaticenses elucubrationes
Resto del título In celeberrima Salmsnticenfi Academia ejufdem Juris publico Professore y pro obtinendis in cadem Universitate Cathedris antiquiori Decertatote
260 ## - PUBLICACIÓN, DISTRIBUCIÓN, ETC.
Nombre del editor, distribuidor, etc. Ex Typographia Congregationis Bone Mortis
Fecha de publicación, distribución, etc. 1748
300 ## - DESCRIPCIÓN FÍSICA
Extensión 457 p
Dimensiones 20 cm
505 0# - NOTA DE CONTENIDO CON FORMATO
Nota de contenido con formato Texto en: latínDirigido a: políticos, abogados, estudiantes de derecho.Incluye índice temático
650 1# - PUNTO DE ACCESO ADICIONAL DE MATERIA--TÉRMINO DE MATERIA
Fuente del encabezamiento o término Religión cirstiana
Término de materia o nombre geográfico como elemento de entrada Catolicismo
Subdivisión de forma Iglesia
9 (RLIN) 28942
651 2# - PUNTO DE ACCESO ADICIONAL DE MATERIA--NOMBRE GEOGRÁFICO
Fuente del encabezamiento o término Organización de la iglesia
Nombre geográfico Cardinales
Subdivisión de forma Derecho canónico
9 (RLIN) 28943
942 ## - ELEMENTOS DE PUNTO DE ACCESO ADICIONAL (KOHA)
Fuente del sistema de clasificación o colocación Library of Congress Classification
Tipo de ítem Koha Libros
Holdings
Estado de retiro Estado de pérdida Fuente del sistema de clasificación o colocación Estado dañado No para préstamo Código de colección Localización permanente Ubicación/localización actual Fecha de adquisición Fuente de adquisición Total de préstamos Signatura topográfica completa Código de barras Fecha visto por última vez Precio válido a partir de Tipo de ítem Koha
El ejemplar forma parte de la colección y puede ser consultado según las políticas vigentes.   Library of Congress Classification     Conventual Franz Mayer Biblioteca del Museo Franz Mayer (Rogerio Casas-Alatriste) Biblioteca del Museo Franz Mayer (Rogerio Casas-Alatriste) 24/07/2023 Donación   LE43 E83 1748 CFM00525 24/07/2023 24/07/2023 Libros